000 00233nam a2200097Ia 4500
008 191206s9999 xx 000 0 und d
020 _a9.78058E+12
090 _aHB171.STA
245 0 _aStanlakes Introductory Economics
260 _cc2000
999 _c16951
_d16951